00940nam a2200193 a 450000100100000000500170001000800410002704000250006808200200009324501710011326001280028430000260041250400320043865000550047065000490052565000830057470000470065770000420070400002432020240229073821.0110126s2006 dr 000 0 spa d aDO-SdBNPbspacBNPHU a346.0134bC737i00aCompilación de instrumentos nacionales e internacionales que favorecen a la mujer /cCompiladora Yolanda Iluminada González Disla ; prólogo Jorge A. Subero Isa. aSanto Domingo :bPoder Judicial, Dirección de Niñez Adolescencia y Familia, División Mujer y FamiliafCorripioc2006. axii, 757 p. ;c23 cm. aBibliografía : p. 751-757 4aMujeresxSituación legalzRepública Dominicana 4aDerechos de la mujerzRepública Dominicana 4aDiscriminación sexual contra la mujerxLegislaciónzRepública Dominicana12aGonzález Disla, Yolanda Iluminadaecomp.12aSubero Isa, Jorge A.,d1947-epról.